[Event "4NCL/Div2a/ANGA vs. KHE"]
[Site "Sunningdale ENG"]
[Date "2009.10.24"]
[Round "1.7"]
[White "Merry, Alan B"]
[Black "Mackenzie, Colin"]
[Result "0-1"]
[WhiteElo "2074"]
[BlackElo "2120"]
[PlyCount "54"]
[EventDate "2009.10.24"]
[EventRounds "11"]
[EventCountry "ENG"]
[SourceDate "2009.10.24"]

1. d4 e6 2. c4 Nf6 3. Nc3 Bb4 4. Qc2 d5 5. Bg5 h6 6. Bh4 c5 7. cxd5 exd5 8.
dxc5 g5 9. Bg3 Nc6 10. O-O-O Bxc3 11. Qxc3 O-O 12. Nf3 Ne4 13. Qb3 Be6 14. Qxb7
Rc8 15. e3 Nxc5 16. Qb5 Nb4 17. Nd4 a6 18. Qe2 Nxa2+ 19. Kb1 Qa5 20. Bd6 Ne4
21. Qxa6 Nac3+ 22. bxc3 Nxc3+ 23. Kb2 Nxd1+ 24. Kb1 Qd2 25. Qa3 Nc3+ 26. Ka1
Qd1+ 27. Kb2 Qb1# 0-1

[Event "4NCL/Div2a/BRJ vs. SAMS"]
[Site "Hinckley Island ENG"]
[Date "2010.01.16"]
[Round "3.1"]
[White "Truran, Michael C"]
[Black "Rendle, Thomas E"]
[Result "1/2-1/2"]
[WhiteElo "2215"]
[BlackElo "2382"]
[PlyCount "76"]
[EventDate "2010.01.16"]
[EventRounds "11"]
[EventCountry "ENG"]
[SourceDate "2009.10.24"]

1. d4 f5 2. Nc3 Nf6 3. Bg5 d5 4. Bxf6 exf6 5. e3 Be6 6. Bd3 Nc6 7. Qf3 Qd7 8.
a3 Ne7 9. Nge2 c6 10. h3 h5 11. h4 g6 12. Nf4 Bf7 13. Qe2 Nc8 14. Na4 Nd6 15.
b3 Qc7 16. O-O O-O-O 17. c4 g5 18. Nh3 Rg8 19. cxd5 Bxd5 20. Bc4 Nxc4 21. bxc4
Bf7 22. f4 gxh4 23. Rab1 Rg3 24. Rb3 Be7 25. Kh2 Rdg8 26. Rf2 b5 27. Nb2 bxc4
28. Nxc4 Bd5 29. e4 fxe4 30. Rb1 Rd3 31. Ne3 Bxa3 32. Nxd5 cxd5 33. Qxh5 Rd8
34. Qg4+ Rd7 35. Qg8+ Rd8 36. Qe6+ Rd7 37. Qe8+ Rd8 38. Qe6+ Rd7 1/2-1/2

[Event "4NCL/Div2a/BRJ vs. SAMS"]
[Site "Hinckley Island ENG"]
[Date "2010.01.16"]
[Round "3.2"]
[White "Williams, Samuel G"]
[Black "Richmond, Peter A"]
[Result "1-0"]
[WhiteElo "2198"]
[BlackElo "2247"]
[PlyCount "63"]
[EventDate "2010.01.16"]
[EventRounds "11"]
[EventCountry "ENG"]
[SourceDate "2009.10.24"]

1. d4 d5 2. c4 e5 3. dxe5 d4 4. Nf3 Nc6 5. g3 Nge7 6. Bg2 Ng6 7. O-O Be7 8.
Nbd2 O-O 9. a3 Ncxe5 10. b4 Bf6 11. Bb2 d3 12. Nd4 dxe2 13. Qxe2 Re8 14. Ne4
Bg4 15. Nxf6+ Qxf6 16. Qc2 Rad8 17. f4 c5 18. Nb3 cxb4 19. fxe5 Qg5 20. axb4
Nxe5 21. Rae1 f6 22. Bxe5 Rxe5 23. Bxb7 Rde8 24. Bd5+ Kh8 25. Rxe5 Qxe5 26. Qd2
h5 27. Nd4 Bh3 28. Rc1 g5 29. Kf2 Qd6 30. Re1 Rb8 31. Nc6 Rc8 32. Qd3 1-0

[Event "4NCL/Div2a/BRJ vs. SAMS"]
[Site "Hinckley Island ENG"]
[Date "2010.01.16"]
[Round "3.3"]
[White "Padilla Cabero, Pablo"]
[Black "Roberson, Peter T"]
[Result "1/2-1/2"]
[WhiteElo "2169"]
[BlackElo "2221"]
[PlyCount "148"]
[EventDate "2010.01.16"]
[EventRounds "11"]
[EventCountry "ENG"]
[SourceDate "2009.10.24"]

1. e4 e6 2. d4 d5 3. Bb5+ Bd7 4. Qe2 dxe4 5. Nd2 Nf6 6. Nh3 Bc6 7. c3 Qd5 8.
Bc4 Qh5 9. Qxh5 Nxh5 10. O-O Nf6 11. Re1 h6 12. Bb3 Nbd7 13. Bc2 O-O-O 14. Nxe4
Nxe4 15. Bxe4 Bxe4 16. Rxe4 c5 17. Be3 c4 18. Nf4 Nf6 19. Re5 b6 20. Bd2 Bd6
21. Re2 Nd5 22. Nh3 Rhe8 23. Rae1 Kd7 24. f4 f5 25. g3 Re7 26. Kg2 Nf6 27. Nf2
Rg8 28. Kf3 g6 29. a4 Nd5 30. Ra1 a6 31. Nd1 g5 32. Ne3 Nxe3 33. Bxe3 g4+ 34.
Kg2 h5 35. Bg1 Kc6 36. b4 Kd5 37. b5 Ra8 38. Rea2 Rea7 39. Rb1 Bc7 40. Re2 Re8
41. Rd1 axb5 42. axb5 Ra5 43. Re5+ Kd6 44. d5 Rxb5 45. dxe6+ Kc6 46. Rxb5 Kxb5
47. Rd5+ Kc6 48. Rxf5 Rxe6 49. Rxh5 Bd6 50. Bd4 b5 51. f5 Re2+ 52. Kf1 Re8 53.
f6 b4 54. cxb4 Bxb4 55. f7 Rf8 56. Rf5 c3 57. Ke2 c2 58. Bb2 Kd7 59. Rf4 Bd6
60. Rxg4 Rxf7 61. Rg5 Ke6 62. h4 Rb7 63. Bc1 Rb3 64. Rg6+ Kd5 65. Rxd6+ Kxd6
66. Bf4+ Ke6 67. Kd2 Kf5 68. h5 Rb2 69. Kc3 Ra2 70. Kb3 c1=N+ 71. Bxc1 Rh2 72.
h6 Rh3 73. Bf4 Kg6 74. Kc3 Rxg3+ 1/2-1/2

[Event "4NCL/Div2a/BRJ vs. SAMS"]
[Site "Hinckley Island ENG"]
[Date "2010.01.16"]
[Round "3.4"]
[White "Edgell, Ben P"]
[Black "Headlong, Timothy"]
[Result "1/2-1/2"]
[WhiteElo "2100"]
[BlackElo "2188"]
[PlyCount "31"]
[EventDate "2010.01.16"]
[EventRounds "11"]
[EventCountry "ENG"]
[SourceDate "2009.10.24"]

1. Nf3 c5 2. g3 g6 3. Bg2 Bg7 4. O-O Nc6 5. c4 e6 6. Nc3 Nge7 7. d4 cxd4 8. Nb5
d5 9. cxd5 Nxd5 10. Nbxd4 O-O 11. e4 Nc7 12. Be3 e5 13. Nb3 b6 14. Qxd8 Rxd8
15. Rfd1 Ba6 16. Bf1 1/2-1/2

[Event "4NCL/Div2a/BRJ vs. SAMS"]
[Site "Hinckley Island ENG"]
[Date "2010.01.16"]
[Round "3.5"]
[White "Girdlestone, Paul C"]
[Black "Varnam, Liam D"]
[Result "1-0"]
[WhiteElo "2135"]
[BlackElo "2174"]
[PlyCount "113"]
[EventDate "2010.01.16"]
[EventRounds "11"]
[EventCountry "ENG"]
[SourceDate "2009.10.24"]

1. d4 d5 2. Nf3 Nf6 3. g3 e6 4. Bg2 c5 5. c3 Nc6 6. O-O Be7 7. Nbd2 O-O 8. dxc5
Bxc5 9. c4 Qe7 10. cxd5 exd5 11. Nb3 Bb6 12. Bf4 Re8 13. Nbd4 Qb4 14. Nxc6 bxc6
15. Qc2 Ba6 16. Rfe1 Ne4 17. e3 Qc5 18. Rac1 Qxc2 19. Rxc2 c5 20. Rd1 Rad8 21.
Bf1 Bc8 22. h3 h5 23. Nd2 Bf5 24. Nxe4 Bxe4 25. Bd3 f6 26. Bxe4 Rxe4 27. h4 Kf7
28. Kg2 Ke6 29. b3 Kf5 30. Rcd2 d4 31. f3 Re7 32. e4+ Ke6 33. Rd3 Rg8 34. Kf2
g5 35. hxg5 fxg5 36. Bd2 Rh7 37. f4 gxf4 38. gxf4 h4 39. Rg1 Rxg1 40. Kxg1 Rg7+
41. Kf2 Rg4 42. Rh3 Bd8 43. Kf3 Rg1 44. f5+ Kf7 45. e5 Ra1 46. a4 c4 47. bxc4
Rxa4 48. Ke4 Rxc4 49. Rb3 Bb6 50. Kd5 Ra4 51. Kd6 Ke8 52. e6 Bd8 53. Rb8 d3 54.
f6 Rd4+ 55. Ke5 Rg4 56. f7+ Ke7 57. Rxd8 1-0

[Event "4NCL/Div2a/BRJ vs. SAMS"]
[Site "Hinckley Island ENG"]
[Date "2010.01.16"]
[Round "3.6"]
[White "Purton, Ben J"]
[Black "Rabbitt, Michael"]
[Result "1-0"]
[WhiteElo "2144"]
[BlackElo "2074"]
[PlyCount "77"]
[EventDate "2010.01.16"]
[EventRounds "11"]
[EventCountry "ENG"]
[SourceDate "2009.10.24"]

1. e4 e5 2. Nf3 Nc6 3. Bc4 Nf6 4. Ng5 d5 5. exd5 Na5 6. Bb5+ c6 7. dxc6 bxc6 8.
Bd3 Bc5 9. Qf3 O-O 10. Nc3 Rb8 11. O-O Bd4 12. Bf5 Bxf5 13. Qxf5 Nc4 14. Nce4
Re8 15. Nxf6+ Qxf6 16. Qxh7+ Kf8 17. Ne4 Qg6 18. Qxg6 fxg6 19. c3 Bb6 20. b3
Na5 21. Ba3+ Kg8 22. Rae1 Rbd8 23. Re2 Nb7 24. g3 a5 25. Kg2 a4 26. Rfe1 axb3
27. axb3 Rd3 28. Ng5 Ra8 29. Rxe5 Rdd8 30. d4 Na5 31. Ne6 Rdb8 32. Bd6 Rc8 33.
Bc5 Rcb8 34. Bxb6 Rxb6 35. Ng5 Rbb8 36. b4 Nc4 37. Re6 Rc8 38. Rxg6 Ra3 39. Re7
1-0

[Event "4NCL/Div2a/BRJ vs. SAMS"]
[Site "Hinckley Island ENG"]
[Date "2010.01.16"]
[Round "3.7"]
[White "Richmond, Jane"]
[Black "Russell, Christopher"]
[Result "0-1"]
[WhiteElo "2118"]
[BlackElo "2065"]
[PlyCount "98"]
[EventDate "2010.01.16"]
[EventRounds "11"]
[EventCountry "ENG"]
[SourceDate "2009.10.24"]

1. e4 e6 2. d4 d5 3. Nc3 Bb4 4. e5 Qd7 5. Nf3 b6 6. Bd2 Ne7 7. Nb5 Bxd2+ 8.
Qxd2 Nbc6 9. c3 Bb7 10. Bd3 h6 11. h4 O-O-O 12. O-O-O Kb8 13. Na3 Rc8 14. Qe2
Nd8 15. Kb1 c5 16. dxc5 bxc5 17. Nb5 Rc6 18. a4 Nc8 19. c4 d4 20. Nd2 a6 21.
Na3 Rc7 22. Bc2 Nc6 23. Rh3 Nb4 24. a5 Bxg2 25. Rg3 Bb7 26. Ne4 g6 27. Rb3 Qa4
28. Rdd3 Qxa5 29. Bd1 Nxd3 30. Qxd3 Rc6 31. Nc2 Qc7 32. f4 h5 33. Bf3 Rb6 34.
Ne1 Rd8 35. Ng5 Rd7 36. Ne4 Ka7 37. Ra3 Ne7 38. Qc2 Bxe4 39. Bxe4 Nc6 40. Bg2
Qb8 41. Qd2 Nb4 42. Be4 Qd8 43. Nf3 Rb8 44. Ng5 d3 45. Kc1 Qb6 46. Kd1 Rd4 47.
Qc3 Nc2 48. Bxd3 Nxa3 49. Qxa3 Rbd8 0-1

[Event "4NCL/Div2a/BRJ vs. SAMS"]
[Site "Hinckley Island ENG"]
[Date "2010.01.16"]
[Round "3.8"]
[White "Khoo, Selina"]
[Black "Hall, Joshua DW"]
[Result "0-1"]
[WhiteElo "1981"]
[BlackElo "1939"]
[PlyCount "100"]
[EventDate "2010.01.16"]
[EventRounds "11"]
[EventCountry "ENG"]
[SourceDate "2009.10.24"]

1. e4 c5 2. Nf3 Nf6 3. e5 Nd5 4. c4 Nc7 5. d4 cxd4 6. Nxd4 Nc6 7. Nxc6 bxc6 8.
Nc3 Ba6 9. Be2 g6 10. O-O Bg7 11. f4 O-O 12. Be3 d6 13. exd6 exd6 14. Qd2 Qe7
15. Rad1 Bxc3 16. Qxc3 Nd5 17. cxd5 Bxe2 18. dxc6 Bxf1 19. Kxf1 Rfe8 20. Kf2
Rac8 21. Rd3 Qh4+ 22. Kf3 Qxh2 23. Rxd6 Qh5+ 24. Kg3 Qe2 25. Bxa7 Re7 26. Bd4
Rce8 27. Be5 g5 28. Qd2 Qh5 29. Qd1 Qh4+ 30. Kf3 Rxe5 31. fxe5 Qf4+ 32. Ke2
Rxe5+ 33. Kd3 Qe4+ 34. Kc3 Rc5+ 35. Kd2 Qxg2+ 36. Ke3 Qg3+ 37. Ke2 Qg4+ 38. Kd2
Qf4+ 39. Ke2 Qe4+ 40. Kf2 Rc2+ 41. Rd2 Qf4+ 42. Ke2 Qe4+ 43. Kf2 Qd4+ 44. Ke2
Rxb2 45. Rxb2 Qxb2+ 46. Qd2 Qb5+ 47. Qd3 Qxc6 48. Qd8+ Kg7 49. Qxg5+ Kf8 50.
Ke3 Qc1+ 0-1

[Event "4NCL/Div2a/WES1 vs. WRO2"]
[Site "Hinckley Island ENG"]
[Date "2010.01.16"]
[Round "3.1"]
[White "Lock, Gavin R"]
[Black "Townsend, M Paul"]
[Result "0-1"]
[WhiteElo "2188"]
[BlackElo "2186"]
[PlyCount "82"]
[EventDate "2010.01.16"]
[EventRounds "11"]
[EventCountry "ENG"]
[SourceDate "2009.10.24"]

1. d4 e6 2. Nf3 d5 3. c4 Nf6 4. Nc3 Bb4 5. cxd5 exd5 6. Bg5 h6 7. Bh4 g5 8. Bg3
Ne4 9. Nd2 Nxc3 10. bxc3 Bxc3 11. Rc1 Ba5 12. e3 c6 13. Bd3 Bc7 14. e4 Bxg3 15.
hxg3 Be6 16. Qe2 dxe4 17. Nxe4 Qxd4 18. Nc5 Nd7 19. Nxe6 fxe6 20. Qxe6+ Kd8 21.
O-O Re8 22. Qf5 Kc7 23. Rcd1 Rad8 24. Bc2 Qe5 25. Qg4 Qe2 26. Qa4 Nb6 27. Qb3
Rxd1 28. Bxd1 Qe6 29. Qf3 Qxa2 30. Bb3 Qe2 31. Qf6 Qe5 32. Qxh6 a5 33. Bf7 Re7
34. Bg8 Qg7 35. Qxg7 Rxg7 36. Ba2 Nd5 37. f4 Kd6 38. Bxd5 Kxd5 39. Kf2 b5 40.
Re1 a4 41. Kf3 g4+ 0-1

[Event "4NCL/Div2a/WES1 vs. WRO2"]
[Site "Hinckley Island ENG"]
[Date "2010.01.16"]
[Round "3.2"]
[White "Adams, David M"]
[Black "Kawuma, Steven Male"]
[Result "1-0"]
[WhiteElo "2217"]
[BlackElo "2187"]
[PlyCount "72"]
[EventDate "2010.01.16"]
[EventRounds "11"]
[EventCountry "ENG"]
[SourceDate "2009.10.24"]

1. e4 c5 2. Nf3 Nc6 3. Bb5 d6 4. O-O Bd7 5. c3 Nf6 6. Re1 a6 7. Ba4 b5 8. Bc2
Bg4 9. d3 e5 10. Nbd2 Be7 11. h3 Bh5 12. Nf1 h6 13. Ng3 Bg6 14. Nh4 Bh7 15.
Nhf5 Bxf5 16. Nxf5 Bf8 17. a4 g6 18. Ne3 Bg7 19. Bb3 O-O 20. Nd5 b4 21. f4 exf4
22. Bxf4 bxc3 23. bxc3 Rb8 24. Rf1 Na5 25. Nxf6+ Qxf6 26. Bd5 Qe7 27. Rb1 c4
28. dxc4 Kh7 29. Rxb8 Rxb8 30. c5 Nb7 31. Qb3 Qc7 32. Rb1 Qxc5+ 33. Kh1 Qf2 34.
Bh2 Be5 35. Bxe5 dxe5 36. Bxb7 h5 1-0

[Event "4NCL/Div2a/WES1 vs. WRO2"]
[Site "Hinckley Island ENG"]
[Date "2010.01.16"]
[Round "3.3"]
[White "Simons, Martin J"]
[Black "Arnott, Jonathan W"]
[Result "0-1"]
[WhiteElo "2200"]
[BlackElo "2154"]
[PlyCount "50"]
[EventDate "2010.01.16"]
[EventRounds "11"]
[EventCountry "ENG"]
[SourceDate "2009.10.24"]

1. e4 e6 2. d3 d5 3. Nd2 c5 4. Ngf3 Nc6 5. g3 Bd6 6. Bg2 Nge7 7. O-O O-O 8. Re1
f6 9. c3 Rb8 10. d4 cxd4 11. cxd4 dxe4 12. Nxe4 Bb4 13. Bd2 Bxd2 14. Qxd2 Nf5
15. Rad1 Qb6 16. g4 Nfxd4 17. Nxd4 Rd8 18. Nxf6+ gxf6 19. Qh6 Rxd4 20. Be4 Rxe4
21. Rxe4 Qxb2 22. g5 f5 23. Rxe6 Bxe6 24. Qxe6+ Kh8 25. Rd7 Qc1+ 0-1

[Event "4NCL/Div2a/WES1 vs. WRO2"]
[Site "Hinckley Island ENG"]
[Date "2010.01.16"]
[Round "3.4"]
[White "Shaw, Peter"]
[Black "Rutter, Nick J"]
[Result "1-0"]
[WhiteElo "2156"]
[BlackElo "2189"]
[PlyCount "57"]
[EventDate "2010.01.16"]
[EventRounds "11"]
[EventCountry "ENG"]
[SourceDate "2009.10.24"]

1. d4 d5 2. c4 e6 3. Nc3 c6 4. e3 Nf6 5. Nf3 Nbd7 6. a3 Bd6 7. Bd3 dxc4 8. Bxc4
O-O 9. O-O Qe7 10. e4 e5 11. Qe2 exd4 12. Nxd4 Ne5 13. Ba2 Bc5 14. Nf5 Bxf5 15.
exf5 Rad8 16. Bg5 Ned7 17. Qxe7 Bxe7 18. Rfe1 Rfe8 19. Rad1 Kf8 20. h3 Nc5 21.
b4 Rxd1 22. Rxd1 Nce4 23. Nxe4 Nxe4 24. Bxe7+ Kxe7 25. Re1 Kf6 26. g4 Nd6 27.
Rd1 Nb5 28. Rd7 Re7 29. g5+ 1-0

[Event "4NCL/Div2a/WES1 vs. WRO2"]
[Site "Hinckley Island ENG"]
[Date "2010.01.16"]
[Round "3.5"]
[White "Neil, David R"]
[Black "O'Driscoll, Keiran"]
[Result "1/2-1/2"]
[WhiteElo "2157"]
[BlackElo "2062"]
[PlyCount "41"]
[EventDate "2010.01.16"]
[EventRounds "11"]
[EventCountry "ENG"]
[SourceDate "2009.10.24"]

1. c4 e5 2. Nc3 Nf6 3. g3 d5 4. cxd5 Nxd5 5. Bg2 Nb6 6. Nf3 Nc6 7. d3 Be7 8.
O-O O-O 9. a3 Be6 10. b4 a5 11. b5 Nd4 12. Rb1 Nxf3+ 13. Bxf3 Nd5 14. Qc2 Rc8
15. Bb2 c6 16. Qd2 f6 17. bxc6 bxc6 18. Rfc1 Nxc3 19. Rxc3 Bd5 20. Bg2 Rb8 21.
Rbc1 1/2-1/2

[Event "4NCL/Div2a/WES1 vs. WRO2"]
[Site "Hinckley Island ENG"]
[Date "2010.01.16"]
[Round "3.6"]
[White "Archer, Richard"]
[Black "Jenks, Bruce"]
[Result "1/2-1/2"]
[WhiteElo "2066"]
[BlackElo "2127"]
[PlyCount "44"]
[EventDate "2010.01.16"]
[EventRounds "11"]
[EventCountry "ENG"]
[SourceDate "2009.10.24"]

1. d4 Nf6 2. c4 c5 3. d5 b5 4. cxb5 a6 5. b6 Qxb6 6. Nc3 e5 7. e4 d6 8. Nf3 g6
9. Bd3 Bg7 10. O-O O-O 11. Nd2 Nbd7 12. Nc4 Qc7 13. f4 exf4 14. Bxf4 Ne8 15.
Na4 Rb8 16. Rb1 Bd4+ 17. Kh1 Ne5 18. Bxe5 dxe5 19. Nc3 Bd7 20. Ne2 Bg4 21. Qa4
Bxe2 22. Bxe2 Nd6 1/2-1/2

[Event "4NCL/Div2a/WES1 vs. WRO2"]
[Site "Hinckley Island ENG"]
[Date "2010.01.16"]
[Round "3.7"]
[White "de Coverly, Roger D"]
[Black "Webb, Matthew D"]
[Result "0-1"]
[WhiteElo "2101"]
[BlackElo "1986"]
[PlyCount "46"]
[EventDate "2010.01.16"]
[EventRounds "11"]
[EventCountry "ENG"]
[SourceDate "2009.10.24"]

1. e4 g6 2. d4 Bg7 3. Nc3 d6 4. Nf3 a6 5. Be3 b5 6. Bd3 Bb7 7. a4 b4 8. Ne2 Nf6
9. Ng3 h5 10. Ng5 Ng4 11. Qf3 Bf6 12. O-O e5 13. h4 Nd7 14. Bc4 O-O 15. Nxh5
gxh5 16. Qf5 Bxg5 17. Qg6+ Kh8 18. Qxh5+ Bh6 19. Bxh6 Ndf6 20. Qg5 Rg8 21. Qc1
Nxe4 22. f3 Qxh4 23. fxg4 Qxg4 0-1

[Event "4NCL/Div2a/WES1 vs. WRO2"]
[Site "Hinckley Island ENG"]
[Date "2010.01.16"]
[Round "3.8"]
[White "Hollingworth, Evie"]
[Black "Thilaganathan, Jessica"]
[Result "0-1"]
[WhiteElo "1874"]
[BlackElo "1900"]
[PlyCount "104"]
[EventDate "2010.01.16"]
[EventRounds "11"]
[EventCountry "ENG"]
[SourceDate "2009.10.24"]

1. e4 e6 2. d4 d5 3. exd5 exd5 4. Nf3 Nc6 5. c4 Bb4+ 6. Nc3 Nge7 7. a3 Bxc3+ 8.
bxc3 O-O 9. Bd3 dxc4 10. Bxc4 Nd5 11. Bd2 Re8+ 12. Be2 Qe7 13. c4 Nb6 14. Be3
Bg4 15. Qd3 f5 16. d5 Ne5 17. Qd4 Bxf3 18. gxf3 Nbxc4 19. O-O Nxe3 20. Qxe3 Nd7
21. Bb5 Qxe3 22. fxe3 Re7 23. Kf2 Nb6 24. Rad1 a6 25. Bd3 Rf8 26. Rfe1 Re5 27.
Bc2 Rf6 28. Bb3 Kf8 29. Rd4 Ke8 30. Rg1 g6 31. Rc1 Kd7 32. a4 Kd6 33. Rcd1 a5
34. Ke2 Nd7 35. Rc1 Nc5 36. Ba2 g5 37. Rg1 h6 38. h4 f4 39. e4 Rg6 40. h5 Rg7
41. Bb1 Nd7 42. Rd2 Nf6 43. Kd3 g4 44. Rh2 Rgg5 45. Bc2 gxf3 46. Rxg5 Rxg5 47.
Bd1 Rg2 48. Rh3 f2 49. Be2 Rg3+ 50. Rxg3 fxg3 51. Bf1 Ke5 52. Ke3 Nxe4 0-1

[Event "4NCL/Div2a/ANGA vs. BARY"]
[Site "Hinckley Island ENG"]
[Date "2010.01.16"]
[Round "3.1"]
[White "Munson, Shaun D"]
[Black "Hodgson, John H"]
[Result "1-0"]
[WhiteElo "2172"]
[BlackElo "2180"]
[PlyCount "53"]
[EventDate "2010.01.16"]
[EventRounds "11"]
[EventCountry "ENG"]
[SourceDate "2009.10.24"]

1. d4 Nf6 2. Bg5 c5 3. d5 Ne4 4. Bf4 e6 5. f3 Bd6 6. Bxd6 Nxd6 7. Nc3 e5 8. e4
O-O 9. Qd2 Qa5 10. Nh3 f6 11. Nf2 a6 12. Be2 Nf7 13. O-O d6 14. a3 Nd7 15. Rfb1
b5 16. b4 cxb4 17. axb4 Qc7 18. Nxb5 Qb8 19. Na3 Bb7 20. c4 Rc8 21. Nc2 Nd8 22.
Ne3 g6 23. h4 Qa7 24. h5 Nf7 25. g3 Kg7 26. Kg2 Qb6 27. c5 1-0

[Event "4NCL/Div2a/ANGA vs. BARY"]
[Site "Hinckley Island ENG"]
[Date "2010.01.16"]
[Round "3.2"]
[White "Franklin, Samuel GA"]
[Black "Talsma, Paul A"]
[Result "1-0"]
[WhiteElo "2131"]
[BlackElo "2252"]
[PlyCount "85"]
[EventDate "2010.01.16"]
[EventRounds "11"]
[EventCountry "ENG"]
[SourceDate "2009.10.24"]

1. e4 e5 2. Nf3 Nc6 3. Bb5 a6 4. Ba4 Nf6 5. O-O Nxe4 6. d4 b5 7. Bb3 d5 8. dxe5
Be6 9. Nbd2 Nc5 10. c3 Be7 11. Bc2 d4 12. Nb3 d3 13. Bb1 Nxb3 14. axb3 Bf5 15.
Be3 Qd5 16. Re1 O-O 17. Bd4 d2 18. Qxd2 Bxb1 19. Raxb1 Qxb3 20. Qe3 Nd8 21. Bc5
Bxc5 22. Qxc5 Ne6 23. Qc6 Rfd8 24. Nd4 Qd5 25. Qxd5 Rxd5 26. Nxe6 fxe6 27. Rbd1
Kf7 28. f4 a5 29. Kf2 a4 30. Ke3 Rad8 31. Rxd5 Rxd5 32. Rc1 Rd8 33. c4 b4 34.
Ra1 a3 35. bxa3 Ra8 36. Kd4 bxa3 37. Kc3 h5 38. Kb3 Kg6 39. Rxa3 Rxa3+ 40. Kxa3
Kf5 41. g3 Kg4 42. Kb4 Kh3 43. f5 1-0

[Event "4NCL/Div2a/ANGA vs. BARY"]
[Site "Hinckley Island ENG"]
[Date "2010.01.16"]
[Round "3.3"]
[White "Player, Edmund C"]
[Black "Sen, Subin"]
[Result "0-1"]
[WhiteElo "2149"]
[BlackElo "2098"]
[PlyCount "72"]
[EventDate "2010.01.16"]
[EventRounds "11"]
[EventCountry "ENG"]
[SourceDate "2009.10.24"]

1. e4 c5 2. Nc3 d6 3. f4 Nc6 4. Nf3 g6 5. Bc4 Bg7 6. d3 e6 7. O-O Nge7 8. Qe1
O-O 9. f5 d5 10. Bb3 c4 11. dxc4 d4 12. f6 Bxf6 13. e5 Bg7 14. Ne4 Nxe5 15.
Nxe5 Bxe5 16. Bh6 Bg7 17. Nf6+ Bxf6 18. Bxf8 Nf5 19. Bb4 a5 20. Bd2 a4 21. Qf2
h5 22. c5 axb3 23. axb3 Rxa1 24. Rxa1 Bd7 25. h3 h4 26. b4 Bc6 27. Kh2 e5 28.
Ra5 e4 29. Bf4 e3 30. Qe2 g5 31. b5 Qxa5 32. bxc6 bxc6 33. Qg4 Ne7 34. Bxg5
Bxg5 35. Qxg5+ Ng6 36. g3 Qd2+ 0-1

[Event "4NCL/Div2a/ANGA vs. BARY"]
[Site "Hinckley Island ENG"]
[Date "2010.01.16"]
[Round "3.4"]
[White "O'Toole, George E"]
[Black "Fegan, Chris"]
[Result "1-0"]
[WhiteElo "2146"]
[BlackElo "2078"]
[PlyCount "91"]
[EventDate "2010.01.16"]
[EventRounds "11"]
[EventCountry "ENG"]
[SourceDate "2009.10.24"]

1. e4 g6 2. d4 Bg7 3. Be3 d6 4. Nc3 a6 5. Qd2 Nd7 6. h4 h6 7. h5 g5 8. f4 gxf4
9. Bxf4 e5 10. dxe5 Nxe5 11. O-O-O b5 12. Nf3 Bb7 13. Qd4 Rh7 14. Bxe5 Bxe5 15.
Nxe5 Qg5+ 16. Qd2 Qxe5 17. Nd5 O-O-O 18. a4 c6 19. axb5 cxd5 20. bxa6 Ba8 21.
exd5 Nf6 22. Re1 Qg5 23. c4 Kc7 24. Bd3 Qxd2+ 25. Kxd2 Rg7 26. Re2 Rb8 27. Kc3
Kb6 28. b4 Bxd5 29. cxd5 Nxd5+ 30. Kd4 Nf4 31. Ra2 Ka7 32. Be4 Rxb4+ 33. Ke3
Ne6 34. Rd1 Nc5 35. Bf3 Rb6 36. Rad2 Rb3+ 37. Kf2 Nxa6 38. Rxd6 Nc5 39. Ra1+
Kb8 40. Ra8+ Kc7 41. Rc6+ Kb7 42. Rac8 Nd3+ 43. Kf1 Ka7 44. R6c7+ Ka6 45. Ra8+
Kb5 46. Rb8+ 1-0

[Event "4NCL/Div2a/ANGA vs. BARY"]
[Site "Hinckley Island ENG"]
[Date "2010.01.16"]
[Round "3.5"]
[White "Cook, Michael P"]
[Black "Farrand, Julian T"]
[Result "1/2-1/2"]
[WhiteElo "2073"]
[BlackElo "2103"]
[PlyCount "69"]
[EventDate "2010.01.16"]
[EventRounds "11"]
[EventCountry "ENG"]
[SourceDate "2009.10.24"]

1. d4 d6 2. e4 Nf6 3. Nc3 Nbd7 4. Nf3 e5 5. dxe5 dxe5 6. Bc4 h6 7. O-O Be7 8.
Be3 c6 9. a3 Qc7 10. Qe2 g5 11. Rfd1 Nf8 12. Nd2 Be6 13. Nf1 b5 14. Bxe6 fxe6
15. f3 N8d7 16. a4 b4 17. Nb1 a5 18. Nbd2 Nb6 19. Nc4 Nxc4 20. Qxc4 Kf7 21. Nd2
Nd7 22. Nb3 Nb6 23. Qe2 Rhd8 24. Rxd8 Qxd8 25. Nd2 Qc7 26. Qf1 Nd7 27. Nc4 c5
28. h4 Nb6 29. Nxb6 Qxb6 30. hxg5 hxg5 31. Rd1 Qc7 32. g3 Kg6 33. Kg2 Qc6 34.
b3 Rh8 35. Qd3 1/2-1/2

[Event "4NCL/Div2a/ANGA vs. BARY"]
[Site "Hinckley Island ENG"]
[Date "2010.01.16"]
[Round "3.6"]
[White "Cumming, Rhys"]
[Black "Gregory, Stephen J"]
[Result "1-0"]
[WhiteElo "1969"]
[BlackElo "2126"]
[PlyCount "91"]
[EventDate "2010.01.16"]
[EventRounds "11"]
[EventCountry "ENG"]
[SourceDate "2009.10.24"]

1. e4 d6 2. d4 Nf6 3. Nc3 g6 4. Be3 c6 5. h3 b5 6. Bd3 b4 7. Nce2 Qb6 8. Nf3
Ba6 9. O-O Bg7 10. Ng3 O-O 11. Bxa6 Nxa6 12. Qd2 c5 13. Rfd1 cxd4 14. Nxd4 Nc5
15. Qe2 Qb7 16. f3 Na4 17. Rab1 Rfd8 18. Qd2 Rac8 19. Bh6 Bh8 20. Kh2 Rc4 21.
Ndf5 Qc7 22. b3 e6 23. bxc4 exf5 24. Rxb4 Nc3 25. Rf1 fxe4 26. fxe4 Ncxe4 27.
Nxe4 Nxe4 28. Qd5 Nc5 29. Rbb1 Re8 30. Rf3 Be5+ 31. Kh1 Qe7 32. Rbf1 Ne6 33. c5
Rd8 34. c6 Re8 35. c4 f5 36. Rb3 Kh8 37. Rb7 Qf6 38. Be3 Rc8 39. Rfb1 Nf4 40.
Bxf4 Bxf4 41. Qf7 Qxf7 42. Rxf7 Be3 43. Rbb7 Bd4 44. c7 Kg8 45. Rd7 Kf8 46.
Rd8+ 1-0

[Event "4NCL/Div2a/ANGA vs. BARY"]
[Site "Hinckley Island ENG"]
[Date "2010.01.16"]
[Round "3.7"]
[White "Merry, Alan B"]
[Black "Wells, Daniel J"]
[Result "1-0"]
[WhiteElo "2074"]
[BlackElo "2014"]
[PlyCount "77"]
[EventDate "2010.01.16"]
[EventRounds "11"]
[EventCountry "ENG"]
[SourceDate "2009.10.24"]

1. d4 Nf6 2. c4 g6 3. Nc3 Bg7 4. e4 d6 5. f4 O-O 6. Nf3 c5 7. d5 e6 8. Be2 exd5
9. cxd5 Bg4 10. O-O Nbd7 11. Re1 Re8 12. Qc2 a6 13. a4 b6 14. Be3 Bxf3 15. Bxf3
Rb8 16. Qd3 Qc8 17. Bf2 c4 18. Qc2 Qc7 19. Ne2 b5 20. axb5 axb5 21. Ra7 Rb7 22.
Nd4 Rxa7 23. Nxb5 Qb8 24. Nxa7 Nc5 25. Nc6 Qb5 26. Bxc5 Qxc5+ 27. Qf2 Qb5 28.
Qd2 Nd7 29. Re2 Nc5 30. e5 Nd3 31. exd6 Qc5+ 32. Kf1 Rxe2 33. Qxe2 Qxd6 34. g3
Nxb2 35. Qe8+ Bf8 36. Ne5 Qc7 37. d6 Qxd6 38. Qxf7+ Kh8 39. Bd5 1-0

[Event "4NCL/Div2a/ANGA vs. BARY"]
[Site "Hinckley Island ENG"]
[Date "2010.01.16"]
[Round "3.8"]
[White "Ynojosa, Angelica Maria"]
[Black "Wallis, Ian J"]
[Result "0-1"]
[WhiteElo "1753"]
[BlackElo "1982"]
[PlyCount "52"]
[EventDate "2010.01.16"]
[EventRounds "11"]
[EventCountry "ENG"]
[SourceDate "2009.10.24"]

1. e4 e5 2. Bc4 Nf6 3. d3 Nc6 4. Nc3 Bb4 5. a3 Bxc3+ 6. bxc3 O-O 7. Bg5 h6 8.
Bh4 d6 9. Ne2 Be6 10. Ba2 Bxa2 11. Rxa2 g5 12. Bg3 Ne7 13. Qd2 Ng6 14. h4 Nd7
15. hxg5 hxg5 16. Rh5 f6 17. Nc1 Kg7 18. Qe2 Nc5 19. Qf3 Qd7 20. Ne2 Rh8 21.
Kd2 Rxh5 22. Qxh5 Rh8 23. Qf3 Rh1 24. Qe3 Qb5 25. f3 Qb1 26. c4 Rd1+ 0-1